000 01345nam a2200337 i 4500
003 EG-GICUC
005 20260121101443.0
008 251209m20171438ua ||||fr|||| 00| 0 ara d
017 _a2016/23919
040 _a EG-GICUC
_bara
_c EG-GICUC
_d EG-GICUC
_erda
041 0 _aara
082 0 4 _221
_a343.46
_b م ص , ض
092 0 4 _221
099 _aLaw 1 10 343.46 م ص , ض 2017
100 0 _aمصطفي علي خلف
_eمؤلف.
245 1 2 _aالضوابط الإجرائية لجرائم التقنية الحديثة :
_bدراسة مقارنة /
_cالمستشار والدكتور مصطفي علي خلف
264 _aنادي القضاة :
_b , [الناشر غير محدد]
_c2017.
300 _a380؛ صفحة
_bإيضاحيات، صور، مثيليات ؛
_c24 سم
336 _2rda content
_atext
337 _2rda media
_aComputer
338 _2rda carrier
_aOnline Resource
504 _a. 240-220 ببليوجرافيا: صفحات.
546 _aالنص باللغة العربية
650 1 4 _aالتشريعات المتعلقة بتقنية المعلومات
_2qrmak
650 1 4 _aجرائم التنفية الحديثة
650 1 4 _aالقانون الجنائي
651 1 _2qrmak
856 4 0 _uhttps://fll.law.cu.edu.eg/fulltext/bks/B10-06725.pdf
905 _a5
942 _2ddc
_cBK
_e21
_n0
999 _c49210
_d49210